Để học tốt Ngữ văn 12
Sách gồm 3 phần Văn học, tiếng Việt và làm văn trình bày một vài lưu ý để hiểu thêm về tác giả, tác phẩm và hướng dẫn học bài.
Salvato in:
| Natura: | Libro |
|---|---|
| Lingua: | Undetermined |
| Pubblicazione: |
Hà Nội
Giáo dục
2009
|
| Soggetti: | |
| Tags: |
Aggiungi Tag
Nessun Tag, puoi essere il primo ad aggiungerne! !
|
| Thư viện lưu trữ: | Trung tâm Học liệu Trường Đại học Cần Thơ |
|---|
| LEADER | 00797nam a2200205Ia 4500 | ||
|---|---|---|---|
| 001 | CTU_197211 | ||
| 008 | 210402s9999 xx 000 0 und d | ||
| 020 | |c 24600 | ||
| 082 | |a 495.9220712 | ||
| 082 | |b Đ250/T.2 | ||
| 245 | 0 | |a Để học tốt Ngữ văn 12 | |
| 245 | 0 | |c Lê A ... [et al.] | |
| 260 | |a Hà Nội | ||
| 260 | |b Giáo dục | ||
| 260 | |c 2009 | ||
| 520 | |a Sách gồm 3 phần Văn học, tiếng Việt và làm văn trình bày một vài lưu ý để hiểu thêm về tác giả, tác phẩm và hướng dẫn học bài. | ||
| 650 | |a Philology,Ngữ văn | ||
| 650 | |x Study and teaching (Secondary),Dạy và học (Trung học) | ||
| 904 | |i Hải | ||
| 980 | |a Trung tâm Học liệu Trường Đại học Cần Thơ | ||